000 00832nam a22002417a 4500
999 _c21229
_d21229
001 1732832
003 OSt
005 20210526151125.0
008 170126b xxu||||| |||| 00| 0 eng d
010 _a 74009809
020 _a0812105060
040 _aMMU
_cMMU
_dMMU
_beng
050 0 0 _aGV342.5.S7
_bM67 1975
082 0 0 _a613.7/01/82
100 1 _aMorehouse, Chauncey A.
245 1 0 _aStatistical principles and procedures with applications for physical education
_c[by] Chauncey A. Morehouse [and] G. Alan Stull. Illus. by Brian W. Bergemann.
260 _aPhiladelphia:
_bLea & Febiger,
_c1975.
300 _axiii, 417 p. :
_bill. ;
_c24 cm.
504 _aBibliography: p. 351-354.
650 0 _aPhysical education and training
_xStatistical methods.
700 1 _aStull, G. Alan,
_ejoint author.
942 _2lcc
_cLOAN LOAN